LEADER 02968 am 2200661 n 450 001 9910416471603321 005 20190715 010 $a2-8107-0900-9 024 7 $a10.4000/books.pumi.8940 035 $a(CKB)4100000010352373 035 $a(FrMaCLE)OB-pumi-8940 035 $a(oapen)https://directory.doabooks.org/handle/20.500.12854/56908 035 $a(PPN)243136269 035 $a(EXLCZ)994100000010352373 100 $a20200227j|||||||| ||| 0 101 0 $afre 135 $auu||||||m|||| 181 $ctxt$2rdacontent 182 $cc$2rdamedia 183 $acr$2rdacarrier 200 10$aPrés et pâtures $eEn Europe occidentale /$fFrancis Brumont 210 $aToulouse $cPresses universitaires du Midi$d2019 215 $a1 online resource (296 p.) 311 $a2-8107-0001-X 330 $aUne multitude de termes désigne les espaces pâturés selon la variété de leur type et de leur utilisation : simples pâtures communes qui nourrissent chichement les moutons du village, prés appropriés fournissant un peu de foin, grasses prairies de bords de rivières donnant deux fenaisons par an, prairies encloses, labourées et mises en culture périodiquement pour les renouveler, et qui constituent la pièce « glorieuse » du domaine selon Olivier de Serres? Retenons enfin le rôle fondamental des prairies artificielles, à l?origine pour certains d?une véritable « révolution agricole ». Cette variété, dans l?espace et le temps long, fait l?intérêt de cet ouvrage qui replace la nourriture du bétail à sa vraie place dans l?agriculture traditionnelle : la première. Si le bonheur n?est pas dans le pré, la richesse s?y construit, comme l?ont montré les historiens, archéologues et ethnologues qui en ont approfondi l?étude. 606 $aHistory 606 $aagriculture 606 $apâture 610 $aagriculture 610 $apâture 615 4$aHistory 615 4$aagriculture 615 4$apâture 700 $aAntoine$b Annie$0994138 701 $aBeauroy$b Jacques$01314224 701 $aBeck$b Corinne$01290422 701 $aBille$b Élisabeth$01303712 701 $aBoehler$b Jean-Michel$01290436 701 $aBrumont$b Francis$01287750 701 $aConesa$b Marc$01282150 701 $aDumasy$b Juliette$01308467 701 $aGasparini$b Danilo$0241284 701 $aGlomot$b David$01324086 701 $aHautefeuille$b Florent$01295082 701 $aLarguier$b Gilbert$0938495 701 $aLay$b Sébastien$01324087 701 $aPalu$b Pascal$01282387 701 $aPichot$b Daniel$0778385 701 $aRuas$b Marie-Pierre$01238309 701 $aSaavedra$b Pegerto$01306499 701 $aSoens$b Tim$01223059 701 $aThoen$b Erik$01288585 701 $aBrumont$b Francis$01287750 801 0$bFR-FrMaCLE 906 $aBOOK 912 $a9910416471603321 996 $aPrés et pâtures$93035904 997 $aUNINA LEADER 04463nam 22007095 450 001 9910300532203321 005 20251230061251.0 010 $a3-319-78919-8 024 7 $a10.1007/978-3-319-78919-4 035 $a(CKB)4100000004243896 035 $a(DE-He213)978-3-319-78919-4 035 $a(MiAaPQ)EBC5394421 035 $a(PPN)22740260X 035 $a(EXLCZ)994100000004243896 100 $a20180512d2018 u| 0 101 0 $aeng 135 $aurnn|008mamaa 181 $ctxt$2rdacontent 182 $cc$2rdamedia 183 $acr$2rdacarrier 200 10$aAdvanced Materials $eProceedings of the International Conference on ?Physics and Mechanics of New Materials and Their Applications?, PHENMA 2017 /$fedited by Ivan A. Parinov, Shun-Hsyung Chang, Vijay K. Gupta 205 $a1st ed. 2018. 210 1$aCham :$cSpringer International Publishing :$cImprint: Springer,$d2018. 215 $a1 online resource (XXV, 640 p. 285 illus., 184 illus. in color.) 225 1 $aSpringer Proceedings in Physics,$x1867-4941 ;$v207 311 08$a3-319-78918-X 327 $aFrom the contents: Coded Control of Piezoactuator Nano- and Microdisplacement for Mechatronics Systems -- On Free Vibration Analysis of FGPM Cylindrical Shell Excited under d15 Effect -- Sequential Cold Expansion and Resulting Beneficial Residual Stress Prediction around Adjacent Fastener Holes -- Structural and Electronic Properties of CuS.? Post-Treatment of Pt-M(M=Cu,Co,Ni)/C Electrocatalysts with Different Distribution of Metals in Nanoparticles -- Linking Geopolymer Kinetics to Material Fresh Property for Construction-Scale Additive Manufacturing Process -- Matrix Density -- Comparative Study of Cantilever Carbon Nanotube with Carbon Nanotube System -- Influence of Nanosecond Electromagnetic Pulses on the Structural Characteristics, Physico-Chemical and Technological Properties of Diamonds -- Mineral Additives from Technogenic Raw Materials. 330 $aThis book presents selected peer-reviewed contributions from the 2017 International Conference on ?Physics and Mechanics of New Materials and Their Applications?, PHENMA 2017 (Jabalpur, India, 14?16 October, 2017), which is devoted to processing techniques, physics, mechanics, and applications of advanced materials. The book focuses on a wide spectrum of nanostructures, ferroelectric crystals, materials and composites as well as promising materials with special properties. It presents nanotechnology approaches, modern environmentally friendly piezoelectric and ferromagnetic techniques and physical and mechanical studies of the structural and physical?mechanical properties of materials. Various original mathematical and numerical methods are applied to the solution of different technological, mechanical and physical problems that are interesting from theoretical, modeling and experimental points of view. Further, the book highlights novel devices with high accuracy, longevity and extended capabilities to operate under wide temperature and pressure ranges and aggressive media, which show improved characteristics, thanks to the developed materials and composites, opening new possibilities for different physico-mechanical processes and phenomena. 410 0$aSpringer Proceedings in Physics,$x1867-4941 ;$v207 606 $aBuilding materials 606 $aSemiconductors 606 $aMechanics, Applied 606 $aSolids 606 $aElectrochemistry 606 $aMechanics 606 $aStructural Materials 606 $aSemiconductors 606 $aSolid Mechanics 606 $aElectrochemistry 606 $aClassical Mechanics 615 0$aBuilding materials. 615 0$aSemiconductors. 615 0$aMechanics, Applied. 615 0$aSolids. 615 0$aElectrochemistry. 615 0$aMechanics. 615 14$aStructural Materials. 615 24$aSemiconductors. 615 24$aSolid Mechanics. 615 24$aElectrochemistry. 615 24$aClassical Mechanics. 676 $a620.11 702 $aParinov$b Ivan A$4edt$4http://id.loc.gov/vocabulary/relators/edt 702 $aChang$b Shun-Hsyung$4edt$4http://id.loc.gov/vocabulary/relators/edt 702 $aGupta$b Vijay K$4edt$4http://id.loc.gov/vocabulary/relators/edt 801 0$bMiAaPQ 801 1$bMiAaPQ 801 2$bMiAaPQ 906 $aBOOK 912 $a9910300532203321 996 $aAdvanced materials$9802490 997 $aUNINA